La escritura y la diferencia.
Uloženo v:
| Hlavní autor: | |
|---|---|
| Další autoři: | |
| Médium: | Kniha |
| Jazyk: | španělština |
| Vydáno: |
Barcelona, España:
Anthropos,
1989.
|
| Edice: | Colección Pensamiento Crítico, Pensamiento Utópico,
|
| Témata: | |
| Tagy: |
Přidat tag
Žádné tagy, Buďte první, kdo vytvoří štítek k tomuto záznamu!
|
MARC
| LEADER | 00000nam a2200000 a 4500 | ||
|---|---|---|---|
| 001 | UCN0943 | ||
| 003 | CL-VaPUC | ||
| 005 | 20250321101905.0 | ||
| 008 | 010406t19890000SP |||||||||||||||||spa|d | ||
| 999 | |c 294555 |d 294553 | ||
| 020 | |a 84-7658-126-2 | ||
| 040 | |c Pontificia Universidad Católica de Valparaíso | ||
| 082 | 0 | 4 | |a 801 DER 1989 |2 21 |
| 100 | |a Derrida, Jacques |d 1930-2004 |e autor |9 449254 | ||
| 245 | 1 | 3 | |a La escritura y la diferencia. |
| 260 | |a Barcelona, España: |b Anthropos, |c 1989. | ||
| 300 | |a 413 páginas. | ||
| 490 | 0 | |a Colección Pensamiento Crítico, Pensamiento Utópico, |n 38. | |
| 500 | |a c.2. Instituto Arcos.08-01-2025. | ||
| 583 | |a last modification |c 20010406 00:00:00 |k Rodrigo Vera | ||
| 650 | 0 | |a Filosofía de la literatura |9 267374 | |
| 650 | 0 | |a Ensayos franceses |9 265511 |x Crítica e interpretación literaria | |
| 700 | |9 896037 |a Peñalver, Patricio |e traductor | ||
| 942 | |c BK |2 ddc |n 0 | ||
| 945 | |d 20010406 00:00:00 |a vberengu | ||
| 952 | |0 0 |1 0 |4 0 |6 801_000000000000000_DER_1989 |7 0 |8 A |9 347051 |a FDOPOS |b FDOPOS |d 2019-11-20 |i 3700844 |o 801 DER 1989 |p 3700844 |r 2025-01-22 |w 2019-11-20 |y BK |k MLA | ||
| 952 | |0 0 |1 0 |2 ddc |4 0 |6 801_000000000000000_DER_1989 |7 0 |9 600233 |a BIBINC |b BIBINC |c GEN |d 2025-01-30 |e Instituto Arcos |i 5665130 |o 801 DER 1989 |p 5665130 |r 2025-01-30 |t 2 |w 2025-01-30 |y BK |k IFP | ||